LEADER 00853nam a2200241 i 4500 001 000000244288 003 CaOOAMICUS 005 20150803000000.0 008 150803s1961 it u000 u ita u 013 $a223193 040 $aSeMil$bita 100 1 $aMauri, Giuseppe.$0(OLS)http://semarc/name/6675 245 13$aIl mio sacerdozio /$csac. Giuseppe Mauri. 260 $aBrescia :$bQueriniana,$c1961. 300 $a298 p. ;$c19 cm. 500 $aFondo card. Giovanni Colombo. 650 4$aPresbiterato.$0(OLS)http://semarc/subject/2315 850 $aSeMil 852 $aSeMil$W1$xVenegono$y1$m3GC VI 305$j194634$B194634$CSeMilBibl$Z2$F205161 $8B 941 1 $a3 961 $aLascito: Colombo Card. Giovanni 996 $6245$aIl mio sacerdozio$9(OLS)http://semarc/title/268723 996 $6260$aBrescia :$bQueriniana$9(OLS)http://semarc/publisher/29615 LEADER 00769nam a2200181 i 4500 001 000000056900 003 CaOOAMICUS 005 19970916000000.0 008 970916n xx u000 u lat u 013 $a28072 040 $aSeMil$bita 100 1 $aZeman, Francisco.$0(OLS)http://semarc/name/28853 245 13$aDe daemonibus in scriptis Prophetarum Veteris Testamenti in Luce daemonologiae Orientis antiqui. 650 4$aDemoni.$0(OLS)http://semarc/subject/5837 650 4$aTesi di laurea.$0(OLS)http://semarc/subject/1690 850 $aSeMil 852 $aSeMil$W1$xVenegono$y1$m2I V 9$j23054$B23054$CSeMilBibl$Z2$F23056 $81 996 $6245$aDe daemonibus in scriptis Prophetarum Veteris Testamenti in Luce daemonologiae Orientis antiqui$9(OLS)http://semarc/title/88508